| 000 | 00692nam a2200181 a 4500 | ||
|---|---|---|---|
| 005 | 20220625063500.0 | ||
| 008 | 991125s1957 ea 000 0 spa u | ||
| 035 | _aUPN01000013592 | ||
| 049 | _aCG | ||
| 050 | 4 |
_aJC571 _bO7.3 |
|
| 110 | 2 | _aOrganización de los Estados Americanos | |
| 245 | 1 | 0 |
_aDeclaración americana de los derechos y deberes del hombre : _badaptada por la novena Conferencia Internacional Americana, Bogotá, 1948 / _cOrganización de los Estados Americanos. |
| 260 |
_aWashington : _bUnión Panamericana, _c1957. |
||
| 300 | _a9 p. | ||
| 500 | _aDisponible en la Colección Medina | ||
| 650 | 2 |
_aDerechos civiles _xInterpretación y construcción _97718 |
|
| 905 | _aLibro | ||
| 999 |
_c13592 _d13592 |
||